Statistiques concernant département français par ordre alphabetique

Cliquez ici pour prendre le quiz!

Statistiques générales

  • Ce quiz a été pris 1 398 fois
  • Le résultat moyen est 57 sur 101

Statistiques - réponses

numérodépartement% Correct
1ain
100%
2aisne
96%
3allier
93%
10aube
80%
6alpesmaritimes
79%
11aude
79%
13bouchesdurhone
79%
4alpesdehauteprovence
78%
2Acorsedusud
78%
2Bhautecorse
78%
7ardeche
77%
9ariege
77%
12aveyron
76%
14calvados
76%
5hautesalpes
76%
8ardennes
75%
15cantal
74%
21cotedor
70%
33gironde
70%
16charente
69%
17charentemaritime
69%
18cher
68%
19correze
68%
25doubs
67%
27eure
66%
29finistere
66%
30gard
66%
22cotesdarmor
65%
28eureetloir
65%
32gers
65%
23creuse
64%
24dordogne
64%
31hautegaronne
64%
34herault
64%
38isere
64%
26drome
63%
36indre
62%
37indreetloire
62%
42loire
62%
44loireatlantique
62%
43hauteloire
60%
39jura
60%
45loiret
60%
40landes
59%
50manche
58%
35illeetvilaine
57%
59nord
57%
75paris
56%
51marne
55%
60oise
55%
46lot
53%
47lotetgaronne
53%
62pasdecalais
53%
69rhone
53%
52hautemarne
52%
54meurtheetmoselle
52%
55meuse
52%
53mayenne
51%
57moselle
51%
41loiretcher
50%
56morbihan
50%
61orne
50%
48lozere
49%
49maineetloire
49%
58nievre
49%
67basrhin
48%
68hautrhin
48%
74hautesavoie
46%
63puydedome
46%
64pyreneesatlantiques
46%
73savoie
46%
65hautespyrenees
45%
66pyreneesorientales
45%
76seinemaritime
45%
78yvelines
45%
72sarthe
44%
77seineetmarne
44%
83var
43%
84vaucluse
42%
93seinesaintdenis
41%
80somme
41%
85vendee
40%
971guadeloupe
39%
71saoneetloire
39%
81tarn
39%
86vienne
39%
89yonne
39%
91essonne
38%
70hautesaone
38%
87hautevienne
38%
972martinique
38%
82tarnetgaronne
38%
94valdemarne
38%
88vosges
38%
90territoiredebelfort
37%
92hautsdeseine
36%
95valdoise
36%
79deuxsevres
35%
973guyane
35%
976mayotte
34%
974lareunion
30%

Distribution des résultats

Percentile par nombre de réponses

% des personnes avec chaque résultat

Votre développement - résultats

Vous n’avez pas pris ce quiz